01295nab a22002417a 4500999001500000003000400015005001700019008004100036040000700077100002600084245013200110260007300242300001300315500007100328505028900399505008900688650003500777650003000812650002700842650003300869773013800902942001301040 c5640d5640OSt20251226212136.0190603e xxum|||| |||| 00| 0 spa d cPJ 96608aVeglia, Gimena 10aContratos sin firma, el pago como dispositivo central de instrumentación contractual en entornos digitales /cGimena Veglia.  cCiudad Autónoma de Buenos Aires :aThomson Reuters La Ley, b2025. ap. 53-59 aCita: TR LALEY AR/DOC/1055/2025 Publicado en: RCCyC 2025 (junio). aSumario: I. Introducción.— II. El contrato en entornos digitales de la forma a la función.— III. El pago como dispositivo contractual. Configuración, ejecución y prueba en entornos digitales.— IV. Implicancias jurídicas.— V. Pensar el contrato donde ya no se lo ve.  t¿Te interesa el texto completo? Solicitalo al correo: koha@justierradelfuego.gov.ar 091497aCODIGO CIVIL Y COMERCIAL 09286aCOMERCIO ELECTRONICO 091971aMEDIOS DE PRUEBA 096081aCIENCIA Y TECNOLOGÍA0 0271393170dCiudad Autónoma de Buenos Aires : Thomson Reuters La Ley, 2015-tRevista Código Civil y Comercial. Nº 3 - Junio 2025 2udccANA